000 00411nam a2200145Ia 4500
008 100204s9999 xx 000 0 und d
082 _b20135
100 _aसोनवणी संजय
245 _aविकल्प
260 _b"पुष्प प्रकाशन , पुणे"
_c1997 2
300 _a175
630 _aविकल्प
730 _aविकल्प
942 _cBOOK
999 _c464557
_d464554